Cádiz CF Squad 2023-2024 - Statistics

General Stats
  • This quiz has been taken 166 times
    85 since last reset
  • The average score is 19 of 32
Answer Stats
# Position Nation Player % Correct
1 GK Argentina Conan Ledesma
95%
8 MF Spain Álex Fernández
86%
3 DF Spain Fali
86%
16 FW Spain Chris Ramos
74%
18 FW Venezuela Darwin Machís
74%
11 FW Spain Iván Alejo
69%
23 DF Spain Luis Hernández
69%
4 MF Spain Rubén Alcaraz
69%
7 FW Spain Rubén Sobrino
69%
5 DF Spain Víctor Chust
67%
17 MF Argentina Gonzalo Escalante
64%
20 DF Spain Iza Carcelén
64%
15 DF Spain Javi Hernández
64%
25 FW Uruguay Maxi Gómez
64%
10 FW Uruguay Brian Ocampo
62%
24 MF Spain Fede San Emeterio
62%
9 FW Spain Álvaro Negredo
57%
21 FW Spain Roger Martí
57%
- Coach Spain Sergio González
57%
13 GK Spain David Gil
55%
9 FW Spain Juanmi
55%
27 MF Spain Robert Navarro
55%
33 DF Brazil Lucas Pires
52%
- Coach Argentina Mauricio Pellegrino
52%
2 DF Spain Joseba Zaldua
50%
19 FW Spain Sergi Guardiola
50%
22 DF Spain Jorge Meré
45%
14 DF Senegal Momo Mbaye
43%
12 MF Mali Rominigue Kouamé
43%
24 DF Syria Aiham Ousou
36%
6 MF Mali Diadié Samassékou
36%
6 MF Spain José Mari
33%
No matching quizzes found
Score Distribution
Percent of People with Each Score
Percentile by Number Answered
Your Score History
You have not taken this quiz since the last reset